Personal del Poder Ejecutivo de Costa Rica 1821-1936, actualizado 1969

Gespeichert in:
Bibliographische Detailangaben
1. Verfasser: González Víquez, Cleto 1858-1937
Format: Unbekannt
Veröffentlicht: San José, Costa Rica Instituto Geográfico Nacional 1969
Schlagworte:
Tags: Tag hinzufügen
Keine Tags, Fügen Sie den ersten Tag hinzu!

MARC

LEADER 000000000a22000000004500
001 001993
041 0 |a español 
092 0 |a 923.272.86 G643p 
100 1 |a González Víquez, Cleto   |d 1858-1937 
245 1 0 |a Personal del Poder Ejecutivo de Costa Rica   |b 1821-1936, actualizado 1969 
260 |a San José, Costa Rica   |b Instituto Geográfico Nacional   |c 1969 
300 |a 45 páginas 
500 |a número de inscripción 01253 
650 4 |a PODER EJECUTIVO 
650 4 |a COSTA RICA 
650 4 |a PRESIDENTES 
999 |c 2876  |d 2876